History Quiz

Random History or Grab Bag Quiz

Gimme Five: History & Government II Quiz Stats

 Plays Quiz Updated Nov 24, 2018

Challenge
Share
Tweet
Embed
Score 0/45 Timer 07:00
1 Play Today
Question Answer % Correct
Gimme the five countries that, along with Germany, were the original members of the European Union.France
94.8%
Gimme the five European countries with the highest debt.France
94.8%
Gimme the five most common political parties of U.S. presidents.Republican
92.2%
Gimme the five most common political parties of U.S. presidents.Democratic
91.3%
Gimme the five most common political parties of U.S. presidents.Democratic-Republican
90.3%
Gimme the five European countries with the highest debt.United Kingdom
89.7%
Gimme the five countries that, along with Germany, were the original members of the European Union.Italy
89.5%
Gimme the first five leap years of the 20th Century.1908
85.9%
Gimme the first five leap years of the 20th Century.1912
85.9%
Gimme the first five leap years of the 20th Century.1916
85.8%
Gimme the first five leap years of the 20th Century.1904
85.8%
Gimme the first five leap years of the 20th Century.1920
85.6%
Gimme the five U.S. presidents who had a beard in office.Abraham Lincoln
81.7%
Gimme the five presidential runners-up who preceded John McCain.Al Gore
81.4%
Gimme the five presidential runners-up who preceded John McCain.George H.W. Bush
76.3%
Gimme the first names of Queen Elizabeth's husband and four children.Charles
71.7%
Gimme the five presidential runners-up who preceded John McCain.John Kerry
70.9%
Gimme the five most common political parties of U.S. presidents.Whig
70.1%
Gimme the five countries that, along with Germany, were the original members of the European Union.Belgium
67.1%
Gimme the five U.S. presidents who had a beard in office.Ulysses Grant
66.4%
Gimme the five countries that, along with Germany, were the original members of the European Union.Netherlands
63.9%
Gimme the five presidential runners-up who preceded John McCain.Bob Dole
59.7%
Gimme the five states that joined the Union while George Washington was president.Kentucky
59.5%
Question Answer % Correct
Gimme the five states that joined the Union while George Washington was president.Tennessee
58.5%
Gimme the five states that joined the Union while George Washington was president.Vermont
57.9%
Gimme the five most common political parties of U.S. presidents.Federalist or Independent
57.7%
Gimme the five European countries with the highest debt.Ireland
56%
Gimme the five European countries with the highest debt.Germany
52.3%
Gimme the first names of Queen Elizabeth's husband and four children.Philip
50.7%
Gimme the five presidential runners-up who preceded John McCain.Michael Dukakis
45%
Gimme the five countries that, along with Germany, were the original members of the European Union.Luxembourg
43.9%
Gimme the five European countries with the highest debt.Norway
43.7%
Gimme the five U.S. presidents who had a beard in office.James Garfield
42.3%
Gimme the first names of Queen Elizabeth's husband and four children.Anne
41.1%
Gimme the five states that joined the Union while George Washington was president.North Carolina
40.9%
Gimme the five states that joined the Union while George Washington was president.Rhode Island
39.6%
Gimme the five U.S. presidents who had a beard in office.Benjamin Harrison
38.2%
Gimme the first names of Queen Elizabeth's husband and four children.Andrew
38.1%
Gimme the five U.S. presidents who had a beard in office.Rutherford Hayes
37.9%
Gimme the first names of Queen Elizabeth's husband and four children.Edward
36.2%
Gimme the first five to be Time's Man of the Year, which began in 1927.Charles Lindbergh
20.9%
Gimme the first five to be Time's Man of the Year, which began in 1927.Gandhi
11.2%
Gimme the first five to be Time's Man of the Year, which began in 1927.Walter P. Chrysler
2.1%
Gimme the first five to be Time's Man of the Year, which began in 1927.Owen D. Young
1.8%
Gimme the first five to be Time's Man of the Year, which began in 1927.Pierre Laval
1.7%

You're not logged in!

Compare scores with friends on all Sporcle quizzes.
OR
Log In

You Might Also Like...

Show Comments

Extras

Top Quizzes Today


Score Distribution

Your Account Isn't Verified!

In order to create a playlist on Sporcle, you need to verify the email address you used during registration. Go to your Sporcle Settings to finish the process.

Report this User

Report this user for behavior that violates our Community Guidelines.

Details: